| 000 | 00734nam a2200241Ia 4500 | ||
|---|---|---|---|
| 003 | OSt | ||
| 005 | 20220927105312.0 | ||
| 006 | a|||||r|||| 00| 0 | ||
| 007 | ta | ||
| 008 | 220926b |||||||| |||| 00| 0 eng d | ||
| 020 | _a0802016839 | ||
| 024 | _a168345 | ||
| 037 | _cReference Collections | ||
| 040 |
_aRTL _cRTL _beng |
||
| 041 |
_2eng _aeng |
||
| 082 | _a"Y:1, L1" | ||
| 100 |
_aBIRNBAUM Eleazar _9371531 |
||
| 245 | 0 |
_aBooks on Asia from the near East to the far East _b A guide for the general reader ; selected and annotated. |
|
| 260 |
_aToronto _bUniversity of Toronto Press _c1971 |
||
| 300 |
_a"XV, 341p" _ccm. |
||
| 942 |
_h"Y:1, L1" _cCC |
||
| 999 |
_c691684 _d691684 |
||